The restoring father: (Record no. 7403)

000 -LEADER
fixed length control field 00635nam a2200193 a 4500
001 - CONTROL NUMBER
control field :::00005164$&:&@@
003 - CONTROL NUMBER IDENTIFIER
control field OkBaRHE
005 - DATE AND TIME OF LATEST TRANSACTION
control field 20100401144926.0
008 - FIXED-LENGTH DATA ELEMENTS--GENERAL INFORMATION
fixed length control field s1987 j 000 0 eng u
040 ## - CATALOGING SOURCE
Transcribing agency
100 1# - MAIN ENTRY--PERSONAL NAME
Personal name Richardson, William J., 1921-
245 14 - TITLE STATEMENT
Title The restoring father:
Remainder of title studies in the Parable of the prodigal son.
250 ## - EDITION STATEMENT
Edition statement Instructor [ed.].
260 ## - PUBLICATION, DISTRIBUTION, ETC. (IMPRINT)
Place of publication, distribution, etc Cincinnati, OH., :
Name of publisher, distributor, etc Standard Pub.
Date of publication, distribution, etc c1987
300 ## - PHYSICAL DESCRIPTION
Extent 61 p. ;
Dimensions 22 cm.
650 ## - SUBJECT ADDED ENTRY--TOPICAL TERM
Topical term or geographic name as entry element Prodigal Son (Parable)
942 ## - ADDED ENTRY ELEMENTS (KOHA)
Source of classification or shelving scheme
Koha item type Books
Copies
Full call number Source of classification or shelving scheme Koha item type Shelving location Damaged status Permanent Location Date acquired Copy number Barcode Withdrawn status Lost status Price effective from Not for loan Date last seen
BT 378 .P8R53 1987 BooksGeneral Stacks RHEMA Bible Training College2010-04-1415164  2010-04-14 2010-04-14